Avances en medicina legal ingeniera̕ genťica, alteraciones psq̕uicas y drogas /

Bibliographic Details
Main Author: Sanz de la Garza, Joaqun̕ Homs
Format: Unknown
Language:Spanish
Published: Madrid : Bosch, 1999
Subjects:
Online Access:Acceso restringido

MARC

LEADER 00000ny a22000003n 4500
005 20110609142810.0
008 080508t1999 sp s 000 0 spa c
020 |a 8476985568 
035 |a 1157 
040 |a UMA.RE  |d vLex 
080 |a 340.63(0.034) 
080 |a 343.621(0.034) 
080 |a 575.2.08:351.77(0.034) 
080 |a 618.177-08:351.77(0.034) 
090 |c 623  |d 623 
100 1 |a Sanz de la Garza, Joaqun̕ Homs 
245 1 0 |a Avances en medicina legal  |h [Recurso electrn̤ico]  |b ingeniera̕ genťica, alteraciones psq̕uicas y drogas /  |c Joaqun̕ Homs Sanz de la Garza 
256 |a Servicio en ln̕ea 
260 |a Madrid :  |b Bosch,  |c 1999 
506 1 |a Contenido solo disponible en los productos indicados  |d vLex Global  |d vLex Global (Academic Edition, excluding Law Schools)  |d vLex Global (U.S. Academic Edition, Law Schools)  |d vLex Global (U.S. Academic Edition, excluding Law Schools)  |d vLex Global (Academic Edition, Law Schools) 
650 0 7 |2 Tesauro vLex  |a Abogado 
650 0 7 |2 Tesauro vLex  |a Civil 
650 0 7 |2 Tesauro vLex  |a Investigacin̤ cientf̕ica 
740 0 |a vLex Libros (Servicios en ln̕ea) 
856 4 0 |z Acceso restringido  |u http://vlex.com/source/medicina-legal-avances-ingenieria-1157 
942 |c BOOK 
999 0 |a Lawyers  |b Madrid